00859nam a2200241 a 4500008004100000020003100041040002500072041001300097044001100110080001000121080001100131100003000142245012600172250002500298260008300323300002700406490001600433500005100449700003000500700002800530700003200558700002700590960119s1986||||[C 0 slo c c17 Kčs. q(7000 výtl.) aSNKbslocSNKeAACR21 aslohpol axocSK a884-1 a884-841 aLec, Stanislaw Jerzy4aut10aNeučesané myšlienkycStanislaw Jerzy Lec ; Stanislav Jerzy Lec, Vojtech Mihálik, Dezider Tóth, Svetozár Mydlo a2., rozšír. vyd. aBratislavabSlovenský spisovateľc1986eBanská BystricafTlačiarne SNP a135 s., 5,10 AHc19 cm0 aŽihadlice aIlustr. na tit. liste, front. a predsádkach.1 aLec, Stanislav Jerzy4aut1 aMihálik, Vojtech4trl1 aTóth, Deziderd1947-4bkd1 aMydlo, Svetozár4bkd